Statistics for Most Difficult Languages for English Speakers

Click here to take the quiz!

General Stats

  • This quiz has been taken 79 times
  • The average score is 22 of 35

Answer Stats

Difficulty TierNumber of Native SpeakersLanguage% Correct
Category III~150 millionRussian
95%
Category IV~128 milionJapanese
93%
Category IV~920 millionMandarin
93%
Category IV~350 millionArabic
90%
Category IV~80 millionKorean
89%
Category III~341 millionHindi
85%
Category III~76 millionVietnamese
84%
Category III~80 millionTurkish
81%
Category III~36 millionThai
78%
Category III~45 millionPolish
73%
Category III~300 millionBengali
71%
Category III~14 millionGreek
71%
Category III~13 millionHungarian
71%
Category III~70 millionFarsi
70%
Category IV~80 millionCantonese
66%
Category III~62 millionUrdu
66%
Category III~40 millionUkrainian
63%
Category III~16 millionKhmer
62%
Category III~23 millionTagalog
62%
Category III~21 millionSerbo-Croatian
59%
Category III~75 millionTamil
58%
Category III~13 millionKazakh
56%
Category III~30 millionLao
55%
Category III~33 millionBurmese
53%
Category III~11 millionCzech
53%
Category III~30 millionAzerbaijani
52%
Category III~34 millionUzbek
52%
Category III~16 millionNepali
51%
Category III~82 millionTelugu
44%
Category III~11 millionTurkmen
40%
Category III~32 millionAmharic
38%
Category III~17 millionSinhala
37%
Category III~21 millionKurdish
30%
Category III~22 millionSomali
26%
Category III~21 millionDari
15%

Score Distribution

Percentile by Number Answered

Percent of People with Each Score

Your Score History

You have not taken this quiz